| Поле | Инд. | ПП | Название | Значение |
|---|---|---|---|---|
| Тип записи | a | |||
| Библиографический уровень | m | |||
| 001 | Контрольный номер | RU/LIBMSTU/389542802 | ||
| 005 | Дата корректировки | 20230511164308.6 | ||
| 008 | Кодируемые данные | 120510|||||||||ru |||||||||||000|||rus|| | ||
| 020 | a | ISBN | 978-5-4222-0089-4 | |
| 040 | b | Код языка каталог. | rus | |
| 041 | 0_ | a | Код языка текста | rus |
| 084 | a | Индекс другой классификации/Индекс ББК | 95+87.66+81.0+81.2-9 | |
| 090 | a | Полочн. индекс | 95 | |
| x | Авторский знак | М 91 | ||
| 110 | 2_ | a | Организация/ юрисдикция | Мурманский государственный гуманитарный университет |
| 245 | 10 | a | Заглавие | Культурное разнообразие в эпоху глобализации. Язык, культура, общество |
| b | Продолж. заглавия | материалы межрегион. виртуал. науч.-практ. конф. с междунар. участием, 1 февраля - 31 марта 2011 г. | ||
| c | Ответственность | М-во образования и науки Рос. Федерации, Мурман. гос. гуманитар. ун-т ; [отв. ред. В. Г. Пиксендеева] | ||
| 246 | 01 | a | Другая форма заглавия | Cultural diversity in the epoch of globalization. Language, culture, society |
| 260 | a | Место издания | Мурманск | |
| b | Издательство | МГГУ | ||
| c | Дата издания | 2011 | ||
| 300 | a | Объем | 218 с. | |
| 504 | a | Библиография | Библиогр. в конце ст. | |
| 650 | 04 | a | Основная рубрика | Иностранные языки-Преподавание-Научно-практические конференции |
| 653 | 0_ | a | Ключевые слова | Диалог культур; Иностранные языки; Конференции научно-практические; Лингвокультурология; Материалы конференций; МГГУ; Мурманский государственный гуманитарный университет; Преподавание иностранных языков; Психолингвистика; Язык и культура; Язык и мышление; Язык и нация; Язык и общество |
| 700 | 12 | a | Другие авторы | Пиксендеева В. Г. |
| e | Роль лиц | ред. | ||
| 901 | t | Тип документа | m |